Динамика показателей качественного состояния земельного фонда Гомельского района; Проблемы геологии и освоения недр; Т. 1

Dettagli Bibliografici
Parent link:Проблемы геологии и освоения недр: труды XXI Международного симпозиума имени академика М. А. Усова студентов и молодых ученых, посвященного 130-летию со дня рождения профессора М. И. Кучина, Томск, 3-7 апреля 2017 г./ Национальный исследовательский Томский политехнический университет (ТПУ), Институт природных ресурсов (ИПР) ; под ред. А. С. Боева.— , 2017
Т. 1.— 2017.— [С. 630-631]
Autore principale: Парамонова О. К.
Ente Autore: Белорусская государственная сельскохозяйственная академия
Altri autori: Попытаев И. В. (научный руководитель), Крундикова Н. Г.
Riassunto:Заглавие с экрана
Lingua:russo
Pubblicazione: 2017
Serie:Землеустройство: наука и практика
Soggetti:
Accesso online:http://earchive.tpu.ru/handle/11683/44324
Natura: MixedMaterials Elettronico Capitolo di libro
KOHA link:https://koha.lib.tpu.ru/cgi-bin/koha/opac-detail.pl?biblionumber=624683

MARC

LEADER 00000naa2a2200000 4500
001 624683
005 20231101133327.0
035 |a (RuTPU)RU\TPU\conf\23943 
035 |a RU\TPU\conf\23941 
090 |a 624683 
100 |a 20171127d2017 k y0rusy50 ca 
101 0 |a rus 
102 |a RU 
105 |a y z 100zy 
135 |a drcn ---uucaa 
181 0 |a i  
182 0 |a b 
200 1 |a Динамика показателей качественного состояния земельного фонда Гомельского района  |f О. К. Парамонова, И. В. Попытаев  |g науч. рук. Н. Г. Крундикова 
203 |a Текст  |c электронный 
225 1 |a Землеустройство: наука и практика 
230 |a 1 компьютерный файл (pdf; 396 Kb) 
300 |a Заглавие с экрана 
320 |a [Библиогр.: с. 631 (3 назв.)] 
461 1 |0 (RuTPU)RU\TPU\conf\21932  |t Проблемы геологии и освоения недр  |o труды XXI Международного симпозиума имени академика М. А. Усова студентов и молодых ученых, посвященного 130-летию со дня рождения профессора М. И. Кучина, Томск, 3-7 апреля 2017 г.  |o в 2 т.  |f Национальный исследовательский Томский политехнический университет (ТПУ), Институт природных ресурсов (ИПР) ; под ред. А. С. Боева  |d 2017 
463 1 |0 (RuTPU)RU\TPU\conf\21936  |t Т. 1  |v [С. 630-631]  |d 2017 
610 1 |a электронный ресурс 
610 1 |a динамика 
610 1 |a земельные фонды 
610 1 |a Гомельская область 
610 1 |a качество 
610 1 |a количественный учет 
610 1 |a Республика Беларусь 
700 1 |a Парамонова  |b О. К. 
701 1 |a Попытаев  |b И. В. 
702 1 |a Крундикова  |b Н. Г.  |4 727 
712 0 2 |a Белорусская государственная сельскохозяйственная академия 
801 2 |a RU  |b 63413507  |c 20171201  |g RCR 
856 4 |u http://earchive.tpu.ru/handle/11683/44324 
942 |c BK